• 首页
  • 本馆介绍
  • 公告通知
  • 最新文献
  • 馆藏检索
  • 电子资源
  • 读者导购
  • 参考咨询
  • 我的图书馆
  • 登录
  • 详细信息显示
  • 放入我的书架
  • 预约/预借图书
  • 作者相关作品
  • 分类相关作品
  • 丛书相关作品
  • 出版社相关作品

书目信息

  • 表格格式
  • 工作单格式
  • 卡片格式
题名:
高中生职业规划与志愿填报
    
 
作者: 霍自祥 , 文祺 主编
分册:  
出版信息: 北京   北京理工大学出版社有限责任公司  2019.01
页数: 229页
开本: 26cm
丛书名: 高考报考指南系列丛书
单 册:
中图分类: G635.5 , G637.3 , G647.32
科图分类:
主题词: 高中生--gao zhong sheng--职业选择 , 高等学校--gao deng xue jiao--招生--简介--中国--2019 , 毕业生--bi ye sheng--高考--升学参考资料
电子资源:
ISBN: 978-7-5682-6697-0
000 01498nam 2200337 450
001 0109110130
005 20201109110336.0
010    @a978-7-5682-6697-0@dCNY45.00
100    @a20190508d2019 em y0chiy50 ea
101 0  @achi
102    @aCN@b110000
105    @ay az 000yy
106    @ar
200 1  @a高中生职业规划与志愿填报@Agao zhong sheng zhi ye gui hua yu zhi yuan tian bao@e从高一到高考,一书在手升学无忧@f霍自祥, 文祺主编
210    @a北京@c北京理工大学出版社有限责任公司@d2019.01
215    @a229页@d26cm
225 2  @a高考报考指南系列丛书@Agao kao bao kao zhi nan xi lie cong shu
320    @a有书目
330    @a本书从高中生职业规划与高考志愿填报的角度,通俗易懂地介绍了如何让高中生根据自己的兴趣、爱好和能力等因素认识自我,做好职业生涯规划;从职业生涯规划入手,依据职业生涯规划要求,详细分析填报高考志愿需要考虑的主要因素及相关职业的专业要求,以帮助学生更好地了解自己,了解院校,了解专业,厘清思路,填好高考志愿,实现自己的人生梦想
461  0 @12001 @a高考报考指南系列丛书
517 1  @a从高一到高考,一书在手升学无忧@Acong gao yi dao gao kao,yi shu zai shou sheng xue wu you
606 0  @a高中生@Agao zhong sheng@x职业选择
606 0  @a高等学校@Agao deng xue jiao@x招生@x简介@y中国@z2019
606 0  @a毕业生@Abi ye sheng@x高考@j升学参考资料
690    @aG635.5@v5
690    @aG637.3@v5
690    @aG647.32@v5
701  0 @a霍自祥@Ahuo zi xiang@4主编
701  0 @a文祺@Awen qi@4主编
801  0 @aCN@bBJSZM@c20201103
905    @b1267746-7@dG635.5@e1859@f2
    
    高中生职业规划与志愿填报:从高一到高考,一书在手升学无忧/霍自祥, 文祺主编.-北京:北京理工大学出版社有限责任公司,2019.01
    229页;26cm.-(高考报考指南系列丛书)
    
    
    ISBN 978-7-5682-6697-0:CNY45.00
    本书从高中生职业规划与高考志愿填报的角度,通俗易懂地介绍了如何让高中生根据自己的兴趣、爱好和能力等因素认识自我,做好职业生涯规划;从职业生涯规划入手,依据职业生涯规划要求,详细分析填报高考志愿需要考虑的主要因素及相关职业的专业要求,以帮助学生更好地了解自己,了解院校,了解专业,厘清思路,填好高考志愿,实现自己的人生梦想
●
相关链接 在E读中查询图书 在五车中查询图书 在当当中查询图书 在豆瓣中查询图书


正题名:高中生职业规划与志愿填报     索取号:G635.5/1859         预约/预借

序号 登录号 条形码 馆藏地/架位号 状态 备注
1 1267746   212677469   第一样本阅览室/ [索取号:G635.5/1859] 在馆    
2 1267747   212677478   第四借阅区/ [索取号:G635.5/1859] 在馆    
唐山师范学院图书馆 欢迎您!
大连网信软件有限公司© 版权所有